Music Quiz

Random Music or Song Quiz

Phish, words following title Quiz Stats

 Plays Quiz not verified by Sporcle

Challenge
Share
Tweet
Embed
Score 0/11 Timer 08:00
0 Plays Today
Song title next words after title is sung % Correct
Run Like An Antelopeout of control
93.8%
Fluffheadwas a man
91.9%
Ocelotwhere have you gone
81.8%
Guyutewas the ugly pig
64.6%
Bugit doesn't matter
61.7%
Farmhousewe have cluster flies alas
58.9%
Down With Diseasethree weeks in my bed
57.4%
Pebbles And Marbleslike things on my mind
45.5%
Scent Of A Muleyou better watch out where you go
32.5%
Dirta tiny space to move and breathe
30.1%
Mazeand you see what I'm hunting a few steps away
23%

You're not logged in!

Compare scores with friends on all Sporcle quizzes.
Join for Free
OR
Log In

You Might Also Like...

Show Comments

Extras

Created Jun 28, 2011ReportNominate
Tags:Song Quiz, mentions, next, phish, sung

Top Quizzes Today


Score Distribution

Your Account Isn't Verified!

In order to create a playlist on Sporcle, you need to verify the email address you used during registration. Go to your Sporcle Settings to finish the process.

Report this User

Report this user for behavior that violates our Community Guidelines.

Details: